Corrosion in marine environment: International source book 1. Ship painting and corrosion (Record no. 26985)

MARC details
000 -LEADER
fixed length control field 00397nam a2200133Ia 4500
082 ## - DEWEY DECIMAL CLASSIFICATION NUMBER
Classification number 620.193:629.12
Item number DEE
245 #0 - TITLE STATEMENT
Title Corrosion in marine environment: International source book 1. Ship painting and corrosion
260 ## - PUBLICATION, DISTRIBUTION, ETC. (IMPRINT)
Place of publication London
Name of publisher Hemisphere
Year of publication 1977
650 ## - SUBJECT ADDED ENTRY--TOPICAL TERM
Topical Term Corrosion
650 ## - SUBJECT ADDED ENTRY--TOPICAL TERM
Topical Term Ship building
700 ## - ADDED ENTRY--PERSONAL NAME
Personal name Deere, Derek H
942 ## - ADDED ENTRY ELEMENTS (KOHA)
Koha item type Books
Holdings
Withdrawn status Lost status Damaged status Not for loan Home library Current library Date acquired Cost, normal purchase price Full call number Accession Number Koha item type
        RRII Library RRII Library 16/12/2021 70.00 620.193:629.12 DEE 07616 Books